000 00784nam a2200205Ii 4500
003 JO-AjNU
008 230605s9999||||xx |||||||||||||| ||und||
017 _a2012/14574
040 _aJO-AjNU
_bara
_erda
_cJO-AjNU
041 _aara
050 1 4 _aBP75.5.A73 2013
100 3 _aالمصري، محمود,
_eauthor
_956415
245 0 0 _aأصحاب الرسول صلى الله عليه وسلم: ترجمة حقيقية لأكثر من 100 صحابي، ج1
264 3 1 _aالقاهرة: مكتبة الصفا للنشر والتوزيع، 2013
300 _aج1، 512ص
336 _atext
_btxt
_2rdacontent
337 _aunmediated
_bn
_2rdamedia
338 _avolume
_bnc
_2rdacarrier
650 4 _aالسيرة النبوية- الصحابة والتابعون- تراجم
_956416
999 _aA25220
_c28788
_d28788